000 00349nam a2200133Ia 4500
008 240624s9999 xx 000 0 und d
041 _aeng
082 _a823SHA
100 _aSHARMA ROBIN
245 _aSAINT THE SURFER AND THE CEO A REMARKABL
260 _c2008
_aAustralia
_bHay House India
300 _axv, : 221 : p. : cm. ; 22
365 _cRS
_b20
999 _c8061
_d8061